000 00530nam a2200169 4500
999 _c4272
_d4272
008 160903b xxu||||| |||| 00| 0 eng d
022 _a2094-8042
082 _aDPer 370.105 M72 Jan-Dec 2012 v. 60-61
100 _913987
_aBanson, Luz U.
243 _aThe modern teacher
245 _aDunong… kaunlaran/
_cLuz U. Banson.
260 _aPhilippines:
_bIn the Grade School, Inc.,
_c©2012.
300 _av61 n1, page 34;
_c28 cm.
500 _aThe Modern Teacher
650 0 _913988
_aPhilippine poetry
942 _2ddc
_cPER